| 000 | 00515nam a22001577a 4500 | ||
|---|---|---|---|
| 020 | _qHard Cover. | ||
| 082 | _a624.1 | ||
| 100 | _aRaza, Maryam | ||
| 245 |
_aProspects of intelligent building technologies in Pakistan / _cMartam Raza. |
||
| 260 |
_aIslamabad : _bNIT - NUST, _c2013. |
||
| 300 |
_axi, 91 p. : ill. ; _c30cm. |
||
| 650 |
_aConstruction Engineering and Management _928972 |
||
| 700 |
_aDr. Hamza Farooq Gabriel. _927413 |
||
| 942 |
_2ddc _cTHE |
||
| 999 |
_c535631 _d535631 |
||